LEADER 02355nam0 22005653i 450 001 VAN00295597 005 20250918111036.849 017 70$2N$a9783034890403 100 $a20250626d1996 |0itac50 ba 101 $aeng 102 $aCH 105 $a|||| ||||| 181 $ai$b e 182 $ab 183 $acr 200 1 $aSingular Integral Operators and Related Topics$eJoint German-Israeli Workshop, Tel Aviv, March 1?10, 1995$fedited by A. Böttcher, I. Gohberg 210 $aBasel [etc.]$cBirkhäuser$d1996 215 $aviii, 315 p.$d24 cm 606 $a00B25$xProceedings of conferences of miscellaneous specific interest [MSC 2020]$3VANC020732$2MF 606 $a45-XX$xIntegral equations [MSC 2020]$3VANC020265$2MF 606 $a47-XX$xOperator theory [MSC 2020]$3VANC019759$2MF 610 $aAlgebra$9KW:K 610 $aCalculation$9KW:K 610 $aCalculus$9KW:K 610 $aDistributions$9KW:K 610 $aEquations$9KW:K 610 $aFinite$9KW:K 610 $aFunctions$9KW:K 610 $aIntegral equations$9KW:K 610 $aOperator theory$9KW:K 610 $aProofs$9KW:K 610 $aSingular integrals$9KW:K 620 $aCH$dBasel$3VANL002076 702 1$aBöttcher$bAlbrecht$3VANV096482$4340 702 1$aGohberg$bIsrael T.$3VANV039135$4340 712 $aBirkhäuser $3VANV108193$4650 790 1$aGohberg, I. Ts.$zGohberg, Israel T.$3VANV206600 790 1$aGokhberg, Izrail$zGohberg, Israel T.$3VANV206601 790 1$aGokhberg, I. Ts.$zGohberg, Israel T.$3VANV261571 790 1$aGochberg, I. C.$zGohberg, Israel T.$3VANV261572 790 1$aGohberg, Izrail Tsudikovich$zGohberg, Israel T.$3VANV261575 790 1$aGochberg, Izrail Cudikovi?$zGohberg, Israel T.$3VANV261576 801 $aIT$bSOL$c20260403$gRICA 856 4 $uhttps://doi.org/10.1007/978-3-0348-9040-3$zE-book ? Accesso al full-text attraverso riconoscimento IP di Ateneo, proxy e/o Shibboleth 899 $aBIBLIOTECA DEL DIPARTIMENTO DI MATEMATICA E FISICA$1IT-CE0120$2VAN08 912 $fN 912 $aVAN00295597 950 $aBIBLIOTECA DEL DIPARTIMENTO DI MATEMATICA E FISICA$d08DLOAD e-Book 12011 $e08eMF12011 20250731 996 $aSingular integral operators and related topics$9970463 997 $aUNICAMPANIA